000 00285nam a2200121Ia 4500
008 190216s9999||||xx |||||||||||||| ||und||
100 _aRajani Goutham
245 0 _aHindi-Sri Jalaji Yoga Siksha
260 _bSree Balaji Books
_c2008
300 _a144
650 _aHindi
942 _cBK
999 _c16589
_d16589